Travel medicine / (Record no. 117121)
[ view plain ]
| 000 -LEADER | |
|---|---|
| fixed length control field | 00955nam a2200301 a 4500 |
| 008 - FIXED-LENGTH DATA ELEMENTS--GENERAL INFORMATION | |
| fixed length control field | |
| 020 ## - INTERNATIONAL STANDARD BOOK NUMBER | |
| International Standard Book Number | 1899541594 (paperback) |
| 040 ## - CATALOGING SOURCE | |
| Original cataloging agency | NUST |
| Transcribing agency | NUST |
| 049 ## - LOCAL HOLDINGS (OCLC) | |
| Holding library | MAIN |
| 090 ## - LOCALLY ASSIGNED LC-TYPE CALL NUMBER (OCLC); LOCAL CALL NUMBER (RLIN) | |
| Classification number (OCLC) (R) ; Classification number, CALL (RLIN) (NR) | RA783.5 |
| Local cutter number (OCLC) ; Book number/undivided call number, CALL (RLIN) | POL |
| 003 - CONTROL NUMBER IDENTIFIER | |
| control field | |
| 005 - DATE AND TIME OF LATEST TRANSACTION | |
| control field | 20230120204111.0 |
| 100 ## - MAIN ENTRY--PERSONAL NAME | |
| Personal name | Pollard, Andrew J. |
| 245 00 - TITLE STATEMENT | |
| Title | Travel medicine / |
| Statement of responsibility, etc. | Andrew J. Pollard and David R. Murdoch. |
| 260 ## - PUBLICATION, DISTRIBUTION, ETC. | |
| Place of publication, distribution, etc. | Oxford : |
| Name of publisher, distributor, etc. | Health Press, |
| Date of publication, distribution, etc. | 2001. |
| 300 ## - PHYSICAL DESCRIPTION | |
| Extent | 152 pages : |
| Other physical details | coloured illustrations ; |
| Dimensions | 22 cm. |
| 336 ## - CONTENT TYPE | |
| Content type term | text |
| Content type code | txt |
| Source | rdacontent |
| 337 ## - MEDIA TYPE | |
| Media type term | unmediated |
| Media type code | n |
| Source | rdamedia |
| 338 ## - CARRIER TYPE | |
| Carrier type term | volume |
| Carrier type code | nc |
| Source | rdacarrier |
| 440 #1 - SERIES STATEMENT/ADDED ENTRY--TITLE | |
| Title | Fast Facts indespansable guides to clinical practice. |
| 500 ## - GENERAL NOTE | |
| General note | Includes index. |
| 504 ## - BIBLIOGRAPHY, ETC. NOTE | |
| Bibliography, etc. note | Includes bibliographical reference. |
| 650 #0 - SUBJECT ADDED ENTRY--TOPICAL TERM | |
| Topical term or geographic name entry element | Tropical medicine. |
| 650 ## - SUBJECT ADDED ENTRY--TOPICAL TERM | |
| Topical term or geographic name entry element | Travel |
| General subdivision | Health aspects. |
| 700 1# - ADDED ENTRY--PERSONAL NAME | |
| Personal name | Mourdoch, David R. |
| 907 ## - LOCAL DATA ELEMENT G, LDG (RLIN) | |
| a | .b10314556 |
| b | 06-01-22 |
| c | 10-05-12 |
| 942 ## - ADDED ENTRY ELEMENTS (KOHA) | |
| Koha item type | Ordinary Loan Books |
| Call number prefix | RA783.5 |
| Call number suffix | POL |
| Date last seen | Total Checkouts | Full call number | Barcode | Accession number | Cost, replacement price | Price effective from | Koha item type | Public note | Lost status | Source of classification or shelving scheme | Damaged status | Not for loan | Collection | Withdrawn status | Home library | Current library | Shelving location | Date acquired | Source of acquisition | Cost, normal purchase price |
|---|---|---|---|---|---|---|---|---|---|---|---|---|---|---|---|---|---|---|---|---|
| 01/20/2023 | RA783.5 POL | 92004022387 | 16170 | 30.00 | 01/20/2023 | BOOKS | Donation | LCC | NFIC | Medical | Medical | GEN | 01/20/2023 | Book Aid International | 30.00 |